Toward a Feminist Theory of the State (Record no. 222611)
[ view plain ]
| 000 -LEADER | |
|---|---|
| fixed length control field | 01159nam a22002417a 4500 |
| 005 - DATE AND TIME OF LATEST TRANSACTION | |
| control field | 20220425142536.0 |
| 008 - FIXED-LENGTH DATA ELEMENTS--GENERAL INFORMATION | |
| fixed length control field | 220425b ||||| |||| 00| 0 eng d |
| 020 ## - INTERNATIONAL STANDARD BOOK NUMBER | |
| International Standard Book Number | 0674896467 |
| 040 ## - CATALOGING SOURCE | |
| Transcribing agency | AL |
| 041 ## - LANGUAGE CODE | |
| Language code of text/sound track or separate title | English |
| 082 ## - DEWEY DECIMAL CLASSIFICATION NUMBER | |
| Edition number | 23 |
| Classification number | 305.42 |
| Item number | MACT |
| 100 ## - MAIN ENTRY--PERSONAL NAME | |
| Personal name | Catharine A Mackinnon |
| 100 ## - MAIN ENTRY--PERSONAL NAME | |
| 9 (RLIN) | 31631 |
| 245 ## - TITLE STATEMENT | |
| Title | Toward a Feminist Theory of the State |
| 260 ## - PUBLICATION, DISTRIBUTION, ETC. | |
| Place of publication, distribution, etc. | Cambridge |
| Name of publisher, distributor, etc. | Harvard University Press |
| Date of publication, distribution, etc. | 1989 |
| 300 ## - PHYSICAL DESCRIPTION | |
| Extent | xvii,330 p. |
| Other physical details | PB |
| Dimensions | 23.x15.5 cm. |
| 520 ## - SUMMARY, ETC. | |
| Summary, etc. | Toward a Feminist Theory of the State presents Catharine MacKinnon’s powerful analysis of politics, sexuality, and the law from the perspective of women. Using the debate over Marxism and feminism as a point of departure, MacKinnon develops a theory of gender centered on sexual subordination and applies it to the state. The result is an informed and compelling critique of inequality and a transformative vision of a direction for social change. |
| 650 ## - SUBJECT ADDED ENTRY--TOPICAL TERM | |
| Topical term or geographic name entry element | Women's rights |
| 9 (RLIN) | 31632 |
| 650 ## - SUBJECT ADDED ENTRY--TOPICAL TERM | |
| Topical term or geographic name entry element | Feminism -- Political aspects |
| 9 (RLIN) | 31633 |
| 650 ## - SUBJECT ADDED ENTRY--TOPICAL TERM | |
| Topical term or geographic name entry element | Women in politics |
| 9 (RLIN) | 31634 |
| 650 ## - SUBJECT ADDED ENTRY--TOPICAL TERM | |
| Topical term or geographic name entry element | Women and socialism |
| 9 (RLIN) | 31635 |
| 700 ## - ADDED ENTRY--PERSONAL NAME | |
| Personal name | MACKONNON (Catharine A) |
| 9 (RLIN) | 31636 |
| 942 ## - ADDED ENTRY ELEMENTS (KOHA) | |
| Source of classification or shelving scheme | Dewey Decimal Classification |
| Koha item type | George Fernandes Collections |
| Withdrawn status | Lost status | Source of classification or shelving scheme | Damaged status | Not for loan | Collection code | Home library | Current library | Date acquired | Total Checkouts | Full call number | Barcode | Date last seen | Price effective from | Koha item type |
|---|---|---|---|---|---|---|---|---|---|---|---|---|---|---|
| Dewey Decimal Classification | Sociology | St Aloysius Library | St Aloysius Library | 03/24/2013 | 305.42 MACT | GF03341 | 04/25/2022 | 04/25/2022 | George Fernandes Collections |